Jogadores que atuaram ao lado de Messi e Cr7 - Statistics

Estatísticas Gerais
  • Esse quiz foi jogado 792 vezes
    450 desde o último reset
  • A pontuação média é 10 de 22
Estatísticas das Respostas
Posição Clubes Jogador % Correto
Atacante / Meia Real Madrid / Seleção Argentina e PSG Di Maria
90%
Defensor Real Madrid/ PSG Sergio Ramos
82%
Goleiro Real Madrid / PSG Keylor Navas
78%
Defensor Manchester United / Barcelona Gerard Pique
74%
Atacante/Meia Juventus / Seleção Argentina Dybala
72%
Meia Seleção Portuguesa / PSG Vitinha
63%
Atacante Real Madrid / Seleção Argentina Higuain
57%
Meia Seleção Portuguesa / PSG Danilo Pereira
55%
Defensor Seleção Portuguesa / PSG Nuno Mendes
54%
Atacante Manchester United / Seleção Argentina Tevez
43%
Meia Juventus / Barcelona Arthur
40%
Meia Juventus / Barcelona Pjanic
38%
Meia Seleção Portuguesa / Barcelona Deco
36%
Defensor Machester United / Seleção Argentina Lisandro Martínez
33%
Defensor Seleção Portuguesa / Barcelona Nelson Semedo
32%
Defensor/Meia Real Madrid / PSG Achraf Hakimi
30%
Meia Seleção Portuguesa / Barcelona Andre Gomes
30%
Meia Seleção Portuguesa / PSG Renato Sanches
23%
Meia/Defensor Real Madrid / Seleção Argentina Gago
13%
Defensor Manchester United / Seleção Argentina Heinze
10%
Meia/Defensor Real Madrid / Seleção Argentina Garay
9%
Atacante Manchester United / Barcelona Henrik Larsson
5%
Nenhum quiz correspondente encontrado
Distribuição das Pontuações
Porcentagem de Pessoas com Cada Pontuação
Percentil de Números Respondidos
Sua Pontuação Histórica
Você não jogou esse quiz desde o último reset